Beyond capitalism and liberal democracy: on the relevance of GDH Cole´s sociological critique and alternative /
Gardado en:
| Autor Principal: | |
|---|---|
| Outros autores: | |
| Formato: | Libro |
| Idioma: | English |
| Etiquetas: |
Engadir etiqueta
Sen Etiquetas, Sexa o primeiro en etiquetar este rexistro!
|
MARC
| LEADER | 00000nam a22000007a 4500 | ||
|---|---|---|---|
| 003 | cru CIDCACS/IIS | ||
| 005 | 20161110110134.0 | ||
| 007 | ta | ||
| 008 | 161110t2016 xxu||||| |||| 00| 0 eng d | ||
| 040 | |c cru CIDCACS/IIS | ||
| 100 | 1 | |9 427 |a Masquelier, Charles | |
| 245 | 1 | |a Beyond capitalism and liberal democracy: |b on the relevance of GDH Cole´s sociological critique and alternative / |c Charles Masquelier, Matt Dawson | |
| 300 | |a páginas 3-21 | ||
| 700 | 1 | |9 428 |a Dawson, Matt | |
| 773 | 0 | |0 18701 |9 130 |d Los Angeles: SAGE Publications |o R19012 |t Current Sociology / |x 00113921 | |
| 942 | |2 ddc |c PP | ||
| 999 | |c 18712 |d 18712 | ||
